|
|
|
|
| LEADER |
02122nam a2200577 4500 |
| 001 |
ocn769190372 |
| 003 |
OCoLC |
| 005 |
20170124072311.8 |
| 006 |
m o d |
| 007 |
cr cn||||||||| |
| 008 |
110520s2012 iau ob 001 0 eng d |
| 040 |
|
|
|a E7B
|b eng
|e pn
|c E7B
|d N$T
|d OCLCQ
|d YDXCP
|d OCLCQ
|d DG1
|d RIV
|d COO
|d NLE
|d IDEBK
|d OCLCQ
|d OCLCO
|d OCLCQ
|d OCLCO
|d DEBBG
|d D6H
|d OCLCO
|d GrThAP
|
| 019 |
|
|
|a 765121144
|a 860538542
|
| 020 |
|
|
|a 9780470961476
|q (electronic bk.)
|
| 020 |
|
|
|a 0470961473
|q (electronic bk.)
|
| 020 |
|
|
|a 9781118785669
|q (electronic bk.)
|
| 020 |
|
|
|a 1118785665
|q (electronic bk.)
|
| 020 |
|
|
|z 0813806577
|
| 020 |
|
|
|z 9780813806570
|
| 029 |
1 |
|
|a AU@
|b 000052185443
|
| 029 |
1 |
|
|a DEBBG
|b BV042793672
|
| 029 |
1 |
|
|a NZ1
|b 15915085
|
| 029 |
1 |
|
|a DEBBG
|b BV043393913
|
| 035 |
|
|
|a (OCoLC)769190372
|z (OCoLC)765121144
|z (OCoLC)860538542
|
| 050 |
|
4 |
|a SF414
|b . A67 2012eb
|
| 072 |
|
7 |
|a MED
|x 089020
|2 bisacsh
|
| 072 |
|
7 |
|a MED
|x 089030
|2 bisacsh
|
| 082 |
0 |
4 |
|a 636.089/32
|2 23
|
| 049 |
|
|
|a MAIN
|
| 245 |
0 |
0 |
|a Applied veterinary clinical nutrition /
|c editors, Andrea J. Fascetti, Sean J. Delaney.
|
| 264 |
|
1 |
|a Ames, IA :
|b Wiley-Blackwell,
|c [2012]
|
| 264 |
|
4 |
|c ©2012
|
| 300 |
|
|
|a 1 online resource (xi, 388 pages)
|
| 336 |
|
|
|a text
|b txt
|2 rdacontent
|
| 337 |
|
|
|a computer
|b c
|2 rdamedia
|
| 338 |
|
|
|a online resource
|b cr
|2 rdacarrier
|
| 504 |
|
|
|a Includes bibliographical references and index.
|
| 650 |
|
0 |
|a Pets
|x Nutrition.
|
| 650 |
|
0 |
|a Pets
|x Diseases
|x Nutritional aspects.
|
| 650 |
|
0 |
|a Pets
|x Feeding and feeds.
|
| 650 |
|
4 |
|a Animals
|x Nutrició
|
| 650 |
|
7 |
|a MEDICAL
|x Veterinary Medicine
|x Food Animal.
|2 bisacsh
|
| 650 |
|
7 |
|a MEDICAL
|x Veterinary Medicine
|x Small Animal.
|2 bisacsh
|
| 655 |
|
4 |
|a Llibres electronics.
|
| 655 |
|
4 |
|a Electronic books.
|
| 655 |
|
7 |
|a Electronic books.
|2 local
|
| 700 |
1 |
|
|a Fascetti, Andrea J.
|
| 700 |
1 |
|
|a Delaney, Sean J.
|
| 776 |
0 |
8 |
|i Print version:
|t Applied veterinary clinical nutrition.
|d Ames, IA : Wiley-Blackwell, ©2012
|w (DLC) 2011018148
|
| 856 |
4 |
0 |
|u https://doi.org/10.1002/9781118785669
|z Full Text via HEAL-Link
|
| 994 |
|
|
|a 92
|b DG1
|